LEADER 01130nam--2200361---450- 001 990003240650203316 005 20090511132345.0 035 $a000324065 035 $aUSA01000324065 035 $a(ALEPH)000324065USA01 035 $a000324065 100 $a20090511d1968----km-y0itay50------ba 101 $aeng 102 $aUS 105 $a||||||||001yy 200 1 $a<> christian socialist revival 1877-1914$eReligion, Class, and social conscience in late-victorian England$fPeter d'A. Jones 210 $aPrinceton$cPrinceton University Press$d1968 215 $aXIII, 504 p.$d21 cm 410 0$12001 454 1$12001 461 1$1001-------$12001 606 0 $aSocialismo cristiano$yGran Bretagna$zSec. 19. 676 $a335.70942 700 1$aJONES,$bPeter d'Alroy$0121586 801 0$aIT$bsalbc$gISBD 912 $a990003240650203316 951 $a335.709 JON 1$b20099 EC$c335.709$d00207640 959 $aBK 969 $aECO 979 $aRSIAV4$b90$c20090511$lUSA01$h1322 979 $aRSIAV4$b90$c20090511$lUSA01$h1323 996 $aChristian socialist revival 1877-1914$91012782 997 $aUNISA LEADER 01977nam a2200373 i 4500 001 991000960009707536 005 20020507104432.0 008 010202s2000 si 000 0 eng d 020 $a981024262X$c213200 035 $ab10153871-39ule_inst 035 $aLE00639794$9ExL 040 $aDip.to Fisica$bita 082 0 $a530.1 084 $a53.1.4 084 $a530.1'2 084 $aLC QC173.96 084 $aAMS 81-03 111 2 $aConference on foundations of quantum mechanics : historical analysis and open questions <1998 ; Lecce>$0462086 245 14$aThe foundations of quantum mechanics :$bhistorical analysis and open questions :$bLecce, Italy, 13-16 October 1998 /$cClaudio Garola and Arcangelo Rossi (eds.) 260 $aSingapore ; New Jersey :$bWorld Scientific,$cc2000 300 $avii, 418 p. :$bill. ;$c23 cm 500 $a"A number of papers, most of which translate in written form the content of talks given by the authors at the Conference "Foundations of quantum mechanics : historical analysis and open questions" (Lecce, October 13-16, 1998)"--Introd. 500 $aIncludes bibliographical references. 650 4$aQuantum theory$xCongresses 700 1 $aGarola, Claudio$eauthor$4http://id.loc.gov/vocabulary/relators/aut$053886 700 1 $aRossi, Arcangelo$eauthor$4http://id.loc.gov/vocabulary/relators/aut$044617 907 $a.b10153871$b20-03-13$c27-06-02 912 $a991000960009707536 945 $aLE006 53.1.4 GAR$g1$i2006000084291$lle006$o-$pE0.00$q-$rl$s- $t0$u1$v0$w1$x0$y.i10186116$z27-06-02 945 $aLE013 81-XX GAR11 (2000)$g1$i2013000213095$lle013$og$pE59.00$q-$rl$s- $t0$u0$v0$w0$x0$y.i1520666x$z03-12-10 945 $aLE026 530.1 GAR 01.01 2000$g1$i2026000063782$lle026$nProf. Alfinito / Dono$og$pE141.47$q-$rl$s- $t4$u0$v0$w0$x0$y.i15492059$z20-03-13 996 $aFoundations of quantum mechanics$91444834 997 $aUNISALENTO 998 $ale006$ale013$ale026$b01-01-01$cm$da $e-$feng$gsi $h4$i1 LEADER 00905nam a2200217 i 4500 001 991004265225507536 005 20230704153359.0 008 230228s1997 gw a b 001 0 ger 020 $a3499555840 040 $aBibl. Dip.le Aggr. Scienze Giuridiche - Sez. Centro Studi sul Rischio$bita 245 00$aHistorische Sinnbildung :$bProblemstellungen, Zeitkonzepte, Wahrnehmungshorizonte, Darstellungsstrategien /$cKlaus E. Müller, Jörn Rüsen (Hg.) 250 $aOriginalausg. 260 $aReinbek bei Hamburg :$bRowohlt,$c1997 300 $a638 p. :$bill. ;$c19 cm. 490 1 $aRowohlts Enzyklopädie 650 4$aStoriografia 700 1 $aMüller, Klaus E.$eauthor$4http://id.loc.gov/vocabulary/relators/aut$0382323 700 1 $aRüsen, Jörn$eauthor$4http://id.loc.gov/vocabulary/relators/aut$0401177 912 $a991004265225507536 996 $aHistorische Sinnbildung$93376007 997 $aUNISALENTO